| 000 | 00674nam a2200253 a 4500 | ||
|---|---|---|---|
| 001 | nice12345678 | ||
| 003 | IN_TiNIC | ||
| 005 | 20260116012252.0 | ||
| 008 | 050524s1993 newa grp 000 0 eng | ||
| 020 |
_a0687369 _c747.74 |
||
| 082 | 0 | 0 |
_a241.3 _bPAR |
| 100 | _aPark, Andrew Sung | ||
| 245 |
_aWounded Heart of God _b the Asian Concept of Han and the Christian Doctri |
||
| 260 |
_aNew York _bAbingdon Press _c1993 |
||
| 300 | _a202p | ||
| 500 | _aincludes index and biblioraphy | ||
| 505 | 2 | _aBibliography | |
| 650 | _aTheology-Sin | ||
| 650 | _aSin-Christianity | ||
| 700 | 1 | _aPark, Andrew Sung | |
| 902 | _bSRS | ||
| 942 | _cBK | ||
| 999 |
_c6320 _d6320 |
||